Health informatics: practical guide for healthcare and information technology professionals. / (Record no. 7019)
[ view plain ]
| 000 -LEADER | |
|---|---|
| fixed length control field | 01362nam a22001937a 4500 |
| 008 - FIXED-LENGTH DATA ELEMENTS--GENERAL INFORMATION | |
| fixed length control field | 200129b xxu||||| |||| 00| 0 eng d |
| 020 ## - INTERNATIONAL STANDARD BOOK NUMBER | |
| International Standard Book Number | 9781105437557 |
| 050 ## - LIBRARY OF CONGRESS CALL NUMBER | |
| Classification number | R858.H42(5e) |
| 245 ## - TITLE STATEMENT | |
| Title | Health informatics: practical guide for healthcare and information technology professionals. / |
| Statement of responsibility, etc. | edited by Robert E. Hoyt et al.. |
| 250 ## - EDITION STATEMENT | |
| Edition statement | 5th ed. |
| 260 ## - PUBLICATION, DISTRIBUTION, ETC. | |
| Place of publication, distribution, etc. | Raleigh : |
| Name of publisher, distributor, etc. | Lulu.com, |
| Date of publication, distribution, etc. | 2012. |
| 300 ## - PHYSICAL DESCRIPTION | |
| Extent | xviii, 461 p. : |
| Other physical details | ill. col. ; |
| Dimensions | 28 cm. |
| 500 ## - GENERAL NOTE | |
| General note | Includes index. |
| 505 ## - FORMATTED CONTENTS NOTE | |
| Formatted contents note | Contents: Overview of health informatics -- Healthcare data, information, knowledge -- Electronic health records -- Practice management systems -- Health information exchange -- Data standards -- Architectures of information systems -- Health information privacy -- Health information security -- Health informatics ethics -- Consumer health informatics -- Mobile technology -- Online medical resources -- Search engines -- Evidence based medicine and clinical practice guidelines -- Disease management and disease registries -- Quality improvement strategies -- Patient safety and health information technology -- Electronic prescribing -- Telemedicine -- Picture archiving and communication systems -- Bioinformatics -- Public health informatics -- E-research. |
| 700 ## - ADDED ENTRY--PERSONAL NAME | |
| Personal name | Hoyt, Robert E. |
| 700 ## - ADDED ENTRY--PERSONAL NAME | |
| Personal name | Yoshihashi, Ann. |
| 700 ## - ADDED ENTRY--PERSONAL NAME | |
| Personal name | Bailey, Nora. |
| 942 ## - ADDED ENTRY ELEMENTS (KOHA) | |
| Source of classification or shelving scheme | Library of Congress Classification |
| Koha item type | Books |
| Withdrawn status | Lost status | Source of classification or shelving scheme | Damaged status | Not for loan | Home library | Current library | Shelving location | Date acquired | Total Checkouts | Full call number | Barcode | Date last seen | Copy number | Price effective from | Koha item type |
|---|---|---|---|---|---|---|---|---|---|---|---|---|---|---|---|
| Library of Congress Classification | WISCONSIN INTERNATIONAL UNIVERSITY COLLEGE, GHANA - MAIN LIBRARY | WISCONSIN INTERNATIONAL UNIVERSITY COLLEGE, GHANA - MAIN LIBRARY | nursing | 29/01/2020 | R858.H42(5e) | NURS/670/019/20 | 29/01/2020 | 1 | 29/01/2020 | Books |
